| 000 | 00633cam a2200193 4500 | ||
|---|---|---|---|
| 001 | D3355 | ||
| 008 | 090401t1979 xxu||||| |||| 00| 0 eng d | ||
| 035 | _a(Sirsi) u72921 | ||
| 041 | _aeng | ||
| 050 | _a526.9092 | ||
| 100 | _aEden, Peter (ed) | ||
| 245 | _aDictionary of land surveyors and local cartographers of Great Britain and Ireland 1550-1850: supplement compiled from a variety of sources... | ||
| 260 |
_aFolkstone, Kent _bDawson _c1979 |
||
| 300 | _ac150p. 23cm | ||
| 350 | _a6 | ||
| 520 | _aDictionary continues to be developed by Sarah Bendell, Merton College, Oxford OX1 4JD. | ||
| 942 | _n0 | ||
| 948 | _c04/03/1997 | ||
| 999 |
_c95541 _d95541 |
||